000 00425pab a2200157 454500
008 180718b2007 xxu||||| |||| 00| 0 eng d
100 _aSrivastava, Jayati
245 _aWorld trade organisation at the crossroads: the legitimacy dimension
260 _c2007
300 _ap.4075-079.
362 _a6 Oct
650 _aWorld Trade Organization
773 _aEconomic and Political Weekly
908 _aN
909 _a76006
999 _c76006
_d76006